Vista normal
Vista MARC
Entrada Nombre Personal
Número de registros utilizados en: 1
001 - NUMERO DE CONTROL
- control field: 27479
003 - IDENTIFICADOR DEL NÚMERO DE CONTROL
- control field: AR-RoUNA
005 - FECHA Y HORA DE LA ÚLTIMA TRANSACCIÓN
- control field: 20251003135849.0
008 - ELEMENTOS DE DATOS DE LONGITUD FIJA
- fixed length control field: 251003|| aca||aabn | a|a d
040 ## - FUENTE DE CATALOGACIÓN
- Original cataloging agency: AR-RoUNA
- Transcribing agency: AR-RoUNA
100 ## - ENCABEZADO--NOMBRE PERSONAL
- Nombre personal: Marfá Puig, Jordi
670 ## - FUENTE EN LA QUE SE LOCALIZARON DATOS
- Cita fuente: Work cat.: (AR-RoUNA)12154: Chombart de Lauwe, Paul Henry 35 1912-1998., Hombres y ciudades, 1976.